| 000 | 00485nam a2200169Ia 4500 | ||
|---|---|---|---|
| 008 | 230718s9999 xx 000 0 und d | ||
| 020 | _a9780434020362 | ||
| 041 | _aeng | ||
| 082 |
_a158.1 _bDUH |
||
| 100 |
_aDuhigg C. _9194473 |
||
| 245 |
_aThe Power Of Habit _bWhy We Do What We Do And How To Change |
||
| 260 |
_c2012 _bWilliam Heinemann |
||
| 300 | _a371 | ||
| 365 |
_cRs. _b599.00 |
||
| 700 |
_aDuhigg C. _9194473 |
||
| 906 |
_dO:0333215-Mar-2013B:284208-Mar-2013 _cGENRL _b131.78 |
||
| 999 |
_c332195 _d332195 |
||